000 00577nam a22001817a 4500
999 _c184039
_d184039
005 20220112103749.0
010 _aENG-131065
020 _a978-93-52-535-026
_c510.00
035 _aEN-114597
037 _bDBAD
082 _a540
100 _aBisht, B.S.
245 _aICSE CHEMISTRY BOOK 2:
_cB.S Bisht, R.D. Madan, Ni=elson A. Petrie
_bfor Class X/
260 _aNew Delhi
_bS Chand School Books
_c2013
270 _bNew Delhi
_aA-27, 2nd Floor, Mohan Co-operative Industrial Estate
_e110044
300 _a360p.
_c26cm(pbk)
942 _2ddc
_cEN
_h540
_mBIS